| 000 | 00367nam a2200157Ia 4500 | ||
|---|---|---|---|
| 008 | 230917s9999||||xx |||||||||||||| ||und|| | ||
| 040 |
_e183753 _aMAIN |
||
| 041 | _aEnglish | ||
| 082 | _a346.022 K143S | ||
| 100 | _aKapoor, S.K. | ||
| 245 | 0 | _aSamvida-I | |
| 250 | _a13th ed. | ||
| 260 |
_aallahabad _bCentral law _c2004 |
||
| 300 | _axxxi, 331p p. | ||
| 942 | _cBK | ||
| 999 |
_c120825 _d120825 |
||